En la mitad de la vida : una guía filosófica /

Propuesta de filosofía aplicada dirigida a ofrecer estrategias para encararse con los desafíos de la mediana edad, que adapta la forma de un libro de autoayuda.

Zapisane w:
Opis bibliograficzny
1. autor: Setiya, Kieran (autor)
Kolejni autorzy: González Férriz, Ramón (traducción) (traducción)
Format: Książka
Język:hiszpański
Wydane: Barcelona, España : Libros del Asteroide, 2019, c2019
Wydanie:2a edición
Seria:(Libros del Asteroide ; 212)
Hasła przedmiotowe:
Etykiety: Dodaj etykietę
Nie ma etykietki, Dołącz pierwszą etykiete!

MARC

LEADER 00000nam^a2200000^a^4500
001 000414115
005 20250521000000.0
009 20260526144049.664
020 |a 978-84-17007-73-7 
037 |a Acervo ITESO - Biblioteca 
041 |a ESP 
082 |a 155. 66  |b SET 
100 |a Setiya, Kieran  |e (autor) 
245 1 0 |a En la mitad de la vida :  |b una guía filosófica /  |c K. Setiya ; tr. por R. González Férriz. 
250 |a 2a edición 
264 4 |a Barcelona, España :  |b Libros del Asteroide,  |c 2019, c2019 
300 |a 211 p. 
336 |a texto  |b txt  |2 rdacontenido 
337 |a sin mediación  |b n  |2 rdamedio 
338 |a volumen  |b nc  |2 rdasoporte 
440 1 |a (Libros del Asteroide ;  |v 212) 
500 |a Traducción de: Midlife. A Philosophical Guide 
520 |a Propuesta de filosofía aplicada dirigida a ofrecer estrategias para encararse con los desafíos de la mediana edad, que adapta la forma de un libro de autoayuda. 
521 |a Peticiones 2019 
649 |a XX 
650 |a Adultos Maduros -  |x Condiciones Psicológicas -  |x Tema Principal 
650 |a Madurez 
650 |a Ciclo Vital 
650 |a Superación Personal y Autoayuda 
650 |a Desarrollo Humano 
650 |a Psicología Evolutiva 
650 |a Filosofía Aplicada 
700 |a González Férriz, Ramón  |e (traducción) 
910 |a Fondo General 
920 |a Impresos - Libros 
930 |a Colección General 
905 |a 101 
901 |a 0500323404  |b IT1  |c ACC  |i C167532  |u 20250521 
902 |a https://opac.biblio.iteso.mx/vufind/Record/000414115